<?xml version="1.0" encoding="UTF-8"?>
<collection xmlns="http://www.loc.gov/MARC21/slim">
  <record>
    <leader>00000nam  2200000   4500</leader>
    <controlfield tag="001">INLIS000000000017353</controlfield>
    <controlfield tag="005">20240909090403</controlfield>
    <datafield tag="035" ind1="#" ind2="#">
      <subfield code="a">0010-0724000086</subfield>
    </datafield>
    <controlfield tag="007">ta</controlfield>
    <controlfield tag="008">240909################|##########|#|##</controlfield>
    <datafield tag="084" ind1="#" ind2="#">
      <subfield code="a">R  012 PKP 2023</subfield>
    </datafield>
    <datafield tag="100" ind1=" " ind2="#">
      <subfield code="a">Andi Syarif Hidayatullah Aksa</subfield>
    </datafield>
    <datafield tag="245" ind1="1" ind2="#">
      <subfield code="a">Optimalisasi Pengolahan Data Alumni Pelatihan Melalui Pembuatan SIP (Sistem Informasi Pelatihan) di Lingkungan Balai Pelatihan dan Pemberdayaan Masyarakat Desa, Daerah Tertinggal dan Transmigrasi Makasar /</subfield>
      <subfield code="c">Andi Syarif Hidayatullah Aksa</subfield>
    </datafield>
    <datafield tag="260" ind1="#" ind2="#">
      <subfield code="a">Jakarta :</subfield>
      <subfield code="b">Pusbangkom Pimnas dan Manajerial ASN,</subfield>
      <subfield code="c">2023</subfield>
    </datafield>
    <datafield tag="300" ind1="#" ind2="#">
      <subfield code="a">72 halaman ;</subfield>
      <subfield code="c">30 cm</subfield>
    </datafield>
    <datafield tag="650" ind1="#" ind2="4">
      <subfield code="a">Sistem Informasi Pelatihan</subfield>
    </datafield>
    <datafield tag="520" ind1="#" ind2="#">
      <subfield code="a">Pengelolaan data alumni pelatihan merupakan aspek kritis dalam memastikan efektivitas dan dampak positif dari program pelatihan, Metode penelitian yang digunakan adalah metode penelitian pengembangan sistem, yang melibatkan tahap analisis kebutuhan, perancangan sistem, imlementasi, pengujian, dan evaluasi. Data dikumpulkan melalui wawancara, observasi, dan studi dokumentasi untuk memahami kebutuhan yang spesifik. Hasil penelitian menunjukan bahwa pembuatan SIP dapat meningkatkan efisiensi dan efektivitas pengelolaan data alumni pelatihan. Sistem ini dirancang untuk mencakup informasi seperti data alumni pelatihan. Sistem ini dirancang untuk mencakup informasi seperti data pribadi alumni, riwayat pelatihan, prestasi, dan jejak karir setelah mengikuti pelatihan. Fitur pencarian dan filter memudahkan akses dan analisis data, sementara laporan yang dihasilkan secara otomatis menyediakan informasi yang relevan untuk mendukung pengambilan keputusan</subfield>
    </datafield>
    <datafield tag="856" ind1="#" ind2="#">
      <subfield code="a">Perpustakaan LAN Pusat</subfield>
    </datafield>
    <datafield tag="990" ind1="#" ind2="#">
      <subfield code="a">24.07.012</subfield>
    </datafield>
  </record>
</collection>
